000
00407nam a22001337a 4500
020
_a
9788178442211
082
_a
327
100
_a
Kishore Raghwendra
245
_a
International relations
260
_a
New Delhi
_b
K.K publications
_c
2014
300
_a
256p
942
_c
BK
999
_c
3139
_d
3139